|
|
|
|
| LEADER |
00000nam0a2200000 4500 |
| 001 |
112662 |
| 005 |
20231031121521.0 |
| 035 |
|
|
|a (RuTPU)RU\TPU\book\121819
|
| 090 |
|
|
|a 112662
|
| 100 |
|
|
|a 20070331d1963 m y0rusy50 ca
|
| 101 |
0 |
|
|a rus
|
| 102 |
|
|
|a RU
|
| 105 |
|
|
|a a z 000zy
|
| 200 |
1 |
|
|a Вопросы методики преподавания иностранных языков в техническом вузе
|e сборник статей
|f под ред. В. К. Тепинкичиева
|
| 210 |
|
|
|a Ростов-на-Дону
|c Изд-во Ростовского ун-та
|d 1963
|
| 215 |
|
|
|a 214 с.
|c черт.
|
| 610 |
1 |
|
|a иностранные языки
|
| 610 |
1 |
|
|a преподавание
|
| 610 |
1 |
|
|a сборники
|
| 610 |
1 |
|
|a вузы
|
| 610 |
1 |
|
|a методика
|
| 675 |
|
|
|a 4И(07)
|v 3
|
| 702 |
|
1 |
|a Тепинкичиев
|b В. К.
|g Владимир Карпович
|4 340
|
| 801 |
|
1 |
|a RU
|b 63413507
|c 20070331
|g PSBO
|
| 801 |
|
2 |
|a RU
|b 63413507
|c 20150706
|g PSBO
|
| 942 |
|
|
|c BK
|